| 000 | 00839nam a2200241 4500 | ||
|---|---|---|---|
| 003 | OSt | ||
| 005 | 20240716070106.0 | ||
| 006 | a | ||
| 008 | 240716b |||||||| |||| 00| 0 eng d | ||
| 020 | _a0135084210 | ||
| 040 |
_aDWCL-Main lib. _cOC |
||
| 082 |
_2Second edition _aCirc. 371.334 Ob12p 2010 |
||
| 100 | _aBlanche W. O’Bannon. | ||
| 245 | _aPreparing to use technology: a practical guide to curriculum integration / | ||
| 250 | _aSecond edition | ||
| 260 |
_aBoston: _bPearson Education, Inc., _cc2010. |
||
| 300 |
_axviii, _b292 p. : ill. ; _c28 cm. |
||
| 504 | _aIncludes bibliographical references and index. | ||
| 650 | _a1. Computer-assisted instruction-United States. | ||
| 650 | _a2. Internet in education-United States. | ||
| 650 | _a3. Educational technology. | ||
| 942 |
_2ddc _n0 _cBK-CIRC _eSecond edition _kCirc. |
||
| 999 |
_c2259 _d2259 |
||